000
00312nam a22001337a 4500
020
_a
9694962439
040
_c
NUST
082
_a
070.52 JAV
100
_a
Javed, Chaudhari
_9
114463
245
_a
Zero Point
260
_a
Islamabad:
_b
Dost Publication,
_c
2004.
650
_a
Zero Point
_9
114464
942
_2
ddc
_c
BK
999
_c
595775
_d
595775